Matematické a experimentálne modelovanie procesov s hysterézou

Guardado en:
Detalles Bibliográficos
Autor principal: Šoóš, Miroslav (Autor)
Formato: Manuscrito Libro
Lenguaje:eslovaco
Publicado: Bratislava : STU v Bratislave FCHPT, 2001
Edición:Obháj.: 27.9.2001
Etiquetas: Agregar Etiqueta
Sin Etiquetas, Sea el primero en etiquetar este registro!

MARC

LEADER 00000ntm a22000003a 4500
001 stu75431
005 20150617225644.1
008 020415s2001----xo------------------slo-d
040 |a STU  |b slo 
041 0 |a slo 
044 |a xo 
080 |a 66.01:519.711.2(043.3) 
100 1 |a Šoóš, Miroslav  |4 aut 
245 1 |a Matematické a experimentálne modelovanie procesov s hysterézou 
250 |a Obháj.: 27.9.2001 
260 |a Bratislava :  |b STU v Bratislave FCHPT,  |c 2001 
300 |a 53 s. Grafy,lit.,prílohy 
500 |a (Katedra chemického a biochemického inžinierstva) 
996 |b 284C019742  |c C*KD481  |l CCI  |s A  |a 24  |w stu75431_0001